000 00959nas a2200313 4500
001 BR7201110
003 BR-BrBNA
005 20231205082404.0
007 ta
008 230509b bl.|||p| |||| 00| 00por d
040 _aBR-BrBNA
_bpor
_cBiblioteca Nacional de Agricultura
041 _a(Pt)
072 _aF04
100 1 _aAlmeida, L.M. de
100 1 _aSa Junior, J.P.M. e
100 1 _aAraujo, S.M.C. de
100 1 _aVasconcelos, A.L. de
245 1 _aEfeitos da adubacao nitrogenada na producao do milho em solos latossolicos e podzolicos da zona canavieira de Pernambuco
650 _aMILHO
650 _aFERTILIZANTE NITROGENADO
650 _aADUBACAO
650 _aLATOSSOLO
650 _aPODZOLICO
650 _aZONA CANAVIEIRA
650 _aPERNAMBUCO
773 0 _tPesquisas Agropecuarias no Nordeste (Brazil)
_x
_g(Jul-Dec 1972), v. 4(2) p. 13-28
_wBR7201110
909 _a202311
_bLúcia
_c55
_dLúcia Elande
942 _2AGRIS
_n0
_cANA
999 _c91386
_d91386